[Event "4NCL/Div1/AD1 vs. SLO1"]
[Site "West Bromwich ENG"]
[Date "2003.10.19"]
[Round "2.4"]
[White "Devereaux, Maxim"]
[Black "Cafferty, Bernard"]
[Result "1/2-1/2"]
[WhiteElo "2329"]
[BlackElo "2235"]
[PlyCount "120"]
[EventDate "2003.10.19"]

1. e4 d5 2. exd5 Nf6 3. d4 Nxd5 4. c4 Nb6 5. Nc3 e5 6. Nf3 exd4 7. Qxd4 Qxd4 8.
Nxd4 Na6 9. Bf4 Bb4 10. Rc1 Na4 11. a3 Bxc3+ 12. bxc3 O-O 13. Be2 Re8 14. Be3
Bd7 15. O-O N6c5 16. Nb5 Rec8 17. Bf4 Ne6 18. Bg3 a6 19. Rfd1 axb5 20. Rxd7 Nb6
21. Rdd1 bxc4 22. Ra1 Ra4 23. Rdb1 Ra6 24. Rb4 Rca8 25. Rab1 Rxa3 26. Bf3 R8a7
27. h4 Rxc3 28. Bxc7 Nxc7 29. Rxb6 g6 30. Bxb7 Rc2 31. Rc6 Ne6 32. Rc8+ Kg7 33.
Bd5 c3 34. Bxe6 fxe6 35. Rb3 Ra1+ 36. Kh2 Rxf2 37. Rc7+ Kf6 38. Rcxc3 Raa2 39.
Rf3+ Rxf3 40. Rxf3+ Ke5 41. Rf7 h5 42. Rf8 Ra4 43. g3 Rg4 44. Kg2 Ke4 45. Kf2
e5 46. Ra8 Kd3 47. Ra3+ Ke4 48. Ra8 Kf5 49. Rf8+ Ke6 50. Re8+ Kf6 51. Rf8+ Ke7
52. Ra8 Rb4 53. Ra6 Kf7 54. Rc6 Rb3 55. Ra6 Rd3 56. Rc6 Ra3 57. Rb6 Ra4 58. Ke3
Rg4 59. Kf3 Kg7 60. Re6 Ra4 1/2-1/2

[Event "4NCL/Div1/AD1 vs. SLO1"]
[Site "West Bromwich ENG"]
[Date "2003.10.19"]
[Round "2.6"]
[White "Johnson, Nigel A"]
[Black "Anderton, David W"]
[Result "0-1"]
[WhiteElo "1664"]
[BlackElo "2256"]
[PlyCount "78"]
[EventDate "2003.10.19"]

1. f4 d5 2. Nf3 g6 3. e3 Bg7 4. Be2 Nf6 5. O-O O-O 6. c3 c5 7. d4 b6 8. Ne5 Ba6
9. Bxa6 Nxa6 10. Qe2 Nb8 11. Nd2 Nfd7 12. Ndf3 f6 13. Nxd7 Qxd7 14. Bd2 Nc6 15.
Rad1 Rad8 16. Bc1 Qe6 17. Rfe1 Rd7 18. Qb5 Qd6 19. dxc5 bxc5 20. Qb3 Rb8 21.
Qc2 e5 22. fxe5 fxe5 23. Rf1 e4 24. Nd2 Qe6 25. Nb3 Qe7 26. Bd2 Ne5 27. Nc1 Bh6
28. b3 Ng4 29. Rde1 Qe5 30. g3 Qh5 31. Re2 Ne5 32. Be1 Nf3+ 33. Kh1 Qh3 34.
Rff2 Nxh2 35. Kg1 Nf3+ 36. Rxf3 exf3 37. Rh2 Bxe3+ 38. Bf2 Qxg3+ 39. Kh1 Bxf2
0-1

[Event "4NCL/Div1/BET vs. GUI1"]
[Site "West Bromwich ENG"]
[Date "2003.10.19"]
[Round "2.1"]
[White "Pert, Richard G"]
[Black "Rowson, Jonathan"]
[Result "0-1"]
[WhiteElo "2408"]
[BlackElo "2541"]
[PlyCount "114"]
[EventDate "2003.10.19"]

1. d4 Nf6 2. c4 e6 3. Nf3 b6 4. a3 Ba6 5. Qc2 Bb7 6. Nc3 c5 7. dxc5 bxc5 8. Bg5
Be7 9. Rd1 O-O 10. e4 Nc6 11. Be2 Qb8 12. O-O Rd8 13. Rfe1 h6 14. Bh4 d6 15.
Qc1 Rd7 16. Rd2 Qd8 17. Red1 Ng4 18. Bg3 e5 19. Nd5 Nf6 20. Qb1 a5 21. Bd3 a4
22. Re1 Na5 23. Qd1 Nb3 24. Rde2 Nxd5 25. exd5 Bc8 26. Bxe5 dxe5 27. Nxe5 Bf8
28. Nxd7 Bxd7 29. Re3 Bd6 30. Qh5 Nd4 31. h4 Qf6 32. g3 Rb8 33. Rb1 Rb3 34. Kg2
Bf8 35. Qd1 g6 36. Qd2 Kg7 37. Be4 Rb8 38. Qc3 Qd6 39. h5 g5 40. Rd1 Be7 41.
Bb1 f5 42. Rde1 Bf6 43. Qa5 f4 44. Re4 fxg3 45. b4 axb3 46. fxg3 Nf5 47. Rg4
Rf8 48. Qd2 Nd4 49. Rge4 Bf5 50. Qe3 Nc2 51. Qxb3 Nxe1+ 52. Rxe1 Rb8 53. Qf3
Rb2+ 54. Kf1 Bxb1 55. Re6 Qf8 56. d6 Rb8 57. d7 Bd4 0-1

[Event "4NCL/Div1/BET vs. GUI1"]
[Site "West Bromwich ENG"]
[Date "2003.10.19"]
[Round "2.2"]
[White "Kosten, Anthony C"]
[Black "Michelakis, George"]
[Result "0-1"]
[WhiteElo "2540"]
[BlackElo "2432"]
[PlyCount "118"]
[EventDate "2003.10.19"]

1. Nf3 Nf6 2. c4 g6 3. b4 Bg7 4. Bb2 O-O 5. g3 d6 6. Bg2 c5 7. bxc5 dxc5 8. O-O
Nc6 9. d3 Qd6 10. Nc3 e5 11. Nd2 Bg4 12. Nde4 Nxe4 13. Nxe4 Qe7 14. Qd2 Rad8
15. h3 Be6 16. Ba3 b6 17. Nc3 Qd7 18. g4 Bxc4 19. Bb2 f5 20. gxf5 gxf5 21. Qg5
Be6 22. Qh4 Nd4 23. e3 Nc2 24. Rad1 Nb4 25. d4 cxd4 26. exd4 e4 27. Ba3 a5 28.
d5 Bf7 29. Ne2 Bxd5 30. Nf4 Qf7 31. Nh5 Be5 32. f4 exf3 33. Rxf3 Qg6 34. Rf2
Bxg2 35. Rxd8 Bc6+ 36. Kf1 Bb5+ 37. Re2 Bxe2+ 38. Kxe2 Qg2+ 39. Kd1 Qf3+ 40.
Kd2 Bc3+ 41. Kc1 Qe3+ 42. Kb1 Qe4+ 43. Qxe4 fxe4 44. Bxb4 axb4 45. Rxf8+ Kxf8
46. Ng3 e3 47. Kc2 Kf7 48. Kd3 Bd2 49. Ne4 Kg6 50. Nd6 Kg5 51. Ne8 Bc1 52. Ke2
Kf5 53. Kf3 Ke5 54. h4 Kd4 55. Ke2 Kc3 56. Nf6 Kb2 57. Nxh7 Kxa2 58. Nf6 b3 59.
Nd5 Bd2 0-1

[Event "4NCL/Div1/BET vs. GUI1"]
[Site "West Bromwich ENG"]
[Date "2003.10.19"]
[Round "2.3"]
[White "Ledger, Andrew J"]
[Black "Cherniaev, Alexander"]
[Result "0-1"]
[WhiteElo "2443"]
[BlackElo "2476"]
[PlyCount "70"]
[EventDate "2003.10.19"]

1. e4 c5 2. Nc3 Nc6 3. g3 g6 4. d3 Bg7 5. Be3 d6 6. Qd2 b5 7. Bg2 b4 8. Nd1 h5
9. e5 Bb7 10. exd6 exd6 11. Ne2 Qd7 12. O-O Ne5 13. d4 Bxg2 14. Kxg2 Qb7+ 15.
f3 Nc4 16. Qd3 Nxe3+ 17. Nxe3 Ne7 18. Nc4 O-O 19. Nxd6 Qd5 20. dxc5 Qxc5 21.
Ne4 Qb6 22. Qb3 Nf5 23. Rfe1 Rac8 24. Kh1 Ne3 25. Rac1 a5 26. Nf4 Nc4 27. Nd5
Qb7 28. Nef6+ Kh8 29. Re7 Qc6 30. Re4 Bxf6 31. Rxc4 Qxc4 32. Nxf6 Kg7 33. Ne4
Qe2 34. a4 Rfd8 35. Ng5 Rd1+ 0-1

[Event "4NCL/Div1/BET vs. GUI1"]
[Site "West Bromwich ENG"]
[Date "2003.10.19"]
[Round "2.4"]
[White "Plaskett, James"]
[Black "Hunt, Adam C"]
[Result "0-1"]
[WhiteElo "2483"]
[BlackElo "2411"]
[PlyCount "80"]
[EventDate "2003.10.19"]

1. d4 Nf6 2. Nf3 g6 3. Bf4 Bg7 4. e3 d6 5. h3 O-O 6. Be2 Nfd7 7. Bh2 e5 8. c4
Nc6 9. Nc3 f5 10. O-O Kh8 11. Rb1 g5 12. dxe5 dxe5 13. b4 e4 14. Nd4 Nxd4 15.
exd4 Nb6 16. c5 Nd5 17. Nxd5 Qxd5 18. Bxc7 Be6 19. Bd6 Rf7 20. Rc1 Qxa2 21. Rc2
Qb3 22. Qd2 f4 23. Bh5 Rd7 24. Re1 Qd5 25. Qe2 Qxd4 26. Rd2 Qxb4 27. c6 Rxd6
28. Rxd6 Qxd6 29. Qxe4 Bg8 30. cxb7 Rb8 31. Bf3 a5 32. Qf5 a4 33. Qc8 Qf8 34.
Qc7 a3 35. Bg4 a2 36. Bc8 Rxb7 37. Bxb7 a1=Q 38. Rxa1 Bxa1 39. Be4 Bd4 40. Qd7
Qc5 0-1

[Event "4NCL/Div1/BET vs. GUI1"]
[Site "West Bromwich ENG"]
[Date "2003.10.19"]
[Round "2.5"]
[White "Ansell, Simon"]
[Black "Gormally, Daniel W"]
[Result "1-0"]
[WhiteElo "2371"]
[BlackElo "2471"]
[PlyCount "47"]
[EventDate "2003.10.19"]

1. e4 c5 2. Nf3 Nc6 3. Bb5 g6 4. O-O Bg7 5. Nc3 Nf6 6. e5 Ng4 7. Bxc6 bxc6 8.
Re1 O-O 9. h3 Nh6 10. d3 d6 11. Bf4 f6 12. exd6 exd6 13. d4 g5 14. Bh2 f5 15.
dxc5 g4 16. Bxd6 gxf3 17. Bxf8 Qxf8 18. Qxf3 Bd7 19. Rad1 Rd8 20. Ne2 Nf7 21.
Nf4 Re8 22. Qg3 Kh8 23. Rxe8 Qxe8 24. Nh5 1-0

[Event "4NCL/Div1/BET vs. GUI1"]
[Site "West Bromwich ENG"]
[Date "2003.10.19"]
[Round "2.6"]
[White "King, Daniel J"]
[Black "Ledger, David J"]
[Result "1-0"]
[WhiteElo "2503"]
[BlackElo "2289"]
[PlyCount "67"]
[EventDate "2003.10.19"]

1. e4 e5 2. Nf3 Nc6 3. Bb5 Nf6 4. d3 Bc5 5. Be3 Qe7 6. Nc3 Nd8 7. Bxc5 Qxc5 8.
d4 exd4 9. Qxd4 Ne6 10. Qxc5 Nxc5 11. e5 Nfe4 12. Nd5 Ne6 13. Bd3 N4c5 14. Bf5
b6 15. b4 Na6 16. a3 Bb7 17. O-O-O Rd8 18. Rd2 c5 19. c3 Bxd5 20. Rxd5 g6 21.
Bc2 Ke7 22. Rhd1 Rhf8 23. Ba4 Nb8 24. Rd6 f6 25. R1d2 fxe5 26. Nxe5 b5 27. Bxb5
Nd4 28. cxd4 Kxd6 29. Nc4+ Kc7 30. dxc5 Nc6 31. Kb2 Rf4 32. Kc3 a5 33. Nb6
axb4+ 34. axb4 1-0

[Event "4NCL/Div1/BET vs. GUI1"]
[Site "West Bromwich ENG"]
[Date "2003.10.19"]
[Round "2.7"]
[White "Eames, Robert G"]
[Black "Abergel, Thal"]
[Result "1-0"]
[WhiteElo "2295"]
[BlackElo "2430"]
[PlyCount "47"]
[EventDate "2003.10.19"]

1. d4 Nf6 2. Bg5 e6 3. e4 c5 4. e5 h6 5. Bc1 Nd5 6. c4 Nc7 7. dxc5 Nc6 8. Nc3
Nxe5 9. Bf4 Ng6 10. Bd6 Na6 11. Bd3 Nxc5 12. Bxg6 fxg6 13. Nb5 Na6 14. Nf3 Qf6
15. Ne5 Bxd6 16. Qxd6 g5 17. O-O g6 18. Rad1 Rh7 19. Rd3 Re7 20. Rf3 Qg7 21.
Qd4 Kd8 22. Nd6 Qg8 23. Nef7+ Kc7 24. Nb5+ 1-0

[Event "4NCL/Div1/BET vs. GUI1"]
[Site "West Bromwich ENG"]
[Date "2003.10.19"]
[Round "2.8"]
[White "Lang, Heather"]
[Black "Tidman, Sophie"]
[Result "0-1"]
[WhiteElo "2070"]
[BlackElo "2123"]
[PlyCount "100"]
[EventDate "2003.10.19"]

1. e4 e6 2. Nc3 d5 3. d4 Bb4 4. Nge2 Nc6 5. a3 Ba5 6. e5 Bd7 7. Qd3 f6 8. f4
Nh6 9. Bd2 Qe7 10. Nd1 Bb6 11. Ne3 fxe5 12. dxe5 O-O-O 13. O-O-O Be8 14. g3 Bg6
15. Qb3 Be4 16. Rg1 d4 17. Nc4 Bc5 18. Bb4 d3 19. cxd3 Nxb4 20. dxe4 Rxd1+ 21.
Kxd1 Rd8+ 22. Kc1 Nd3+ 23. Kb1 Bxg1 24. Nxg1 Nc5 25. Qc2 Qd7 26. Be2 Qd4 27.
Nf3 Qxe4 28. Ng5 Qxc2+ 29. Kxc2 Nf5 30. Kc3 h6 31. Nf3 Ne4+ 32. Kc2 b5 33. Na5
Ne3+ 34. Kb3 a6 35. Nc6 Rd7 36. Nfd4 Kb7 37. a4 Nc5+ 38. Kb4 Nxa4 39. b3 Nd5+
40. Ka3 Nc5 41. b4 Ne4 42. Bg4 Ne7 43. Nxe7 Rxd4 44. Bxe6 c5 45. Bc8+ Kb6 46.
bxc5+ Kxc5 47. Nf5 Rd3+ 48. Kb2 Rd2+ 49. Kb3 a5 50. Nd6 Nxd6 0-1

[Event "4NCL/Div1/RIC vs. 3CS1"]
[Site "West Bromwich ENG"]
[Date "2003.10.19"]
[Round "2.1"]
[White "Wall, Gavin"]
[Black "Arkell, Keith C"]
[Result "0-1"]
[WhiteElo "2413"]
[BlackElo "2513"]
[PlyCount "168"]
[EventDate "2003.10.19"]

1. e4 c6 2. d4 d5 3. e5 c5 4. dxc5 e6 5. Nf3 Bxc5 6. Bd3 b6 7. c3 a5 8. Na3
Bxa3 9. Qa4+ Nd7 10. Qxa3 Nc5 11. Bc2 Ba6 12. Be3 Qc7 13. Bxc5 Qxc5 14. Qa4+
Kf8 15. Qf4 Qc4 16. Nd4 Ke8 17. O-O-O Ne7 18. h4 Nc6 19. Qg3 g6 20. h5 Rg8 21.
hxg6 hxg6 22. Rh7 Nxd4 23. Rxd4 Qf1+ 24. Rd1 Qe2 25. Qf4 Ra7 26. Qf6 Qg4 27.
Rh8 Rxh8 28. Qxh8+ Kd7 29. Qb8 Rb7 30. Qd6+ Kc8 31. Qf8+ Kc7 32. Qxf7+ Kb8 33.
Qf6 Qxg2 34. Qxe6 Qxf2 35. Qxd5 Qf4+ 36. Kb1 Bc4 37. Qd6+ Ka7 38. Bxg6 Be2 39.
Re1 Rg7 40. Bd3 Qd2 41. Bxe2 Qxe1+ 42. Bd1 Qe4+ 43. Kc1 Qf4+ 44. Kc2 Qf5+ 45.
Kb3 Rd7 46. Bc2 Rxd6 47. Bxf5 Rd5 48. a4 Rxe5 49. Bd3 {=} 49... Kb7 50. Kc4 Kc7
51. b4 Kc6 52. Bg6 Re6 53. Bd3 Re5 54. Bg6 Rg5 55. Be8+ Kd6 56. bxa5 Rc5+ 57.
Kd4 bxa5 58. Bg6 Rg5 59. Bd3 Rg4+ 60. Be4 Rh4 61. c4 Ke6 62. c5 Rg4 63. Kd3 Ke5
64. Bc6 Rg6 65. Bb5 Rg1 66. c6 Rc1 67. Kd2 Rc5 68. Kd3 Kd5 69. Ke3 Rc3+ 70. Ke2
Ke4 71. Kd2 Rc5 72. Bf1 Ke5 73. Bb5 Kd4 74. Ke2 Rc2+ 75. Kd1 Kc3 76. Ba6 Kb3
77. Bb5 Kb2 78. Ke1 Kc1 79. Kf1 Kd1 80. Kg1 Ke1 81. Kh1 Kf2 82. Kh2 Rc3 83. c7
Rxc7 84. Kh3 Rg7 0-1

[Event "4NCL/Div1/RIC vs. 3CS1"]
[Site "West Bromwich ENG"]
[Date "2003.10.19"]
[Round "2.2"]
[White "Davies, Nigel R"]
[Black "Quinn, Mark"]
[Result "1-0"]
[WhiteElo "2491"]
[BlackElo "2411"]
[PlyCount "69"]
[EventDate "2003.10.19"]

1. Nf3 Nf6 2. c4 e6 3. g3 b6 4. Bg2 Bb7 5. d4 Be7 6. O-O O-O 7. Re1 d5 8. cxd5
exd5 9. Nc3 Na6 10. Bg5 Ne4 11. Bxe7 Qxe7 12. e3 c5 13. Ne5 f6 14. Nd3 Rfd8 15.
Nf4 Nxc3 16. bxc3 Nc7 17. c4 Rab8 18. cxd5 Nxd5 19. Nxd5 Bxd5 20. e4 Bf7 21. d5
b5 22. f4 Qd7 23. Qc2 Qc7 24. Rad1 c4 25. e5 fxe5 26. fxe5 b4 27. Kh1 Qc5 28.
e6 Bg6 29. Be4 Bxe4+ 30. Qxe4 Rb6 31. Qf4 Rb7 32. d6 Qc6+ 33. Qe4 Qxe4+ 34.
Rxe4 c3 35. e7 1-0

[Event "4NCL/Div1/RIC vs. 3CS1"]
[Site "West Bromwich ENG"]
[Date "2003.10.19"]
[Round "2.3"]
[White "Bates, Richard A"]
[Black "Ashton, Adam G"]
[Result "1-0"]
[WhiteElo "2376"]
[BlackElo "2239"]
[PlyCount "127"]
[EventDate "2003.10.19"]

1. d4 Nf6 2. Nf3 e6 3. c4 d5 4. g3 dxc4 5. Bg2 Nc6 6. Qa4 Nd7 7. Qxc4 Nb6 8.
Qd3 e5 9. Be3 exd4 10. Nxd4 Nxd4 11. Bxd4 Bb4+ 12. Nc3 O-O 13. a3 Be7 14. O-O-O
c6 15. e4 Be6 16. Qc2 Qe8 17. f4 f6 18. f5 Bc4 19. Bf1 Qf7 20. Bxc4 Nxc4 21.
Ne2 Bd6 22. Nf4 Bxf4+ 23. gxf4 c5 24. Bf2 Rac8 25. Rhe1 Rfe8 26. Bg3 Na5 27.
Kb1 Nb3 28. Bf2 Nd4 29. Bxd4 cxd4 30. Qd3 Qc7 31. Qxd4 Qxf4 32. Qd5+ Kh8 33.
Qxb7 Qxh2 34. Qb3 Rb8 35. Qc2 Qg3 36. Ka2 Rec8 37. Qd3 Qe5 38. Re2 h6 39. Rg1
Rc7 40. Qg3 Rcb7 41. Qxe5 fxe5 42. Rg6 Rb6 43. Rd2 Kh7 44. Rgg2 R8b7 45. Rd5
Rb5 46. Rxb5 Rxb5 47. b4 Rb6 48. Rd2 h5 49. Kb3 Kh6 50. a4 Kg5 51. Rg2+ Kf4 52.
Rxg7 a5 53. b5 Kxe4 54. Rg6 Rb8 55. Rh6 Kxf5 56. Rxh5+ Ke4 57. Rh7 Ra8 58. Rd7
Re8 59. b6 Re6 60. b7 Rb6+ 61. Kc4 Rb1 62. Kc5 Kf3 63. Kc6 e4 64. Rd8 1-0

[Event "4NCL/Div1/RIC vs. 3CS1"]
[Site "West Bromwich ENG"]
[Date "2003.10.19"]
[Round "2.4"]
[White "Longson, Alexander"]
[Black "Van de Griendt, Jan W"]
[Result "0-1"]
[WhiteElo "2267"]
[BlackElo "2373"]
[PlyCount "112"]
[EventDate "2003.10.19"]

1. e4 e6 2. d4 d5 3. Nc3 Bb4 4. e5 b6 5. Bd2 Qd7 6. Bb5 c6 7. Ba4 Ba6 8. Nce2
Bf8 9. f4 Ne7 10. Nf3 h5 11. Be3 Qb7 12. O-O Nd7 13. c3 g6 14. Bf2 Bh6 15. g3
Bc4 16. Kg2 Qa6 17. Re1 Bd3 18. Ng5 Bxg5 19. fxg5 Be4+ 20. Kg1 Qd3 21. Nf4 Qxd1
22. Raxd1 b5 23. Bb3 a5 24. a3 Nb6 25. Be3 h4 26. Bf2 hxg3 27. Bxg3 Nf5 28. Kf2
Ke7 29. Ra1 Nc4 30. Re2 Rhb8 31. a4 Kd7 32. axb5 cxb5 33. Rd1 Ne7 34. Nd3 Bxd3
35. Rxd3 Nc6 36. Rf3 Ke8 37. h4 Ne7 38. Bc2 b4 39. cxb4 Rxb4 40. Rb3 Rab8 41.
Rxb4 Rxb4 42. b3 Na3 43. Bd1 Nb5 44. Rc2 Nxd4 45. Rc3 Nef5 46. Kg2 Nb5 47. Rd3
Nxh4+ 48. Kh3 Nf5 49. Be1 Re4 50. Bxa5 Rxe5 51. b4 Nfd6 52. Kg4 Re4+ 53. Kg3
Ke7 54. Kf2 Re5 55. Rh3 Ne4+ 56. Kf1 Rf5+ 0-1

[Event "4NCL/Div1/RIC vs. 3CS1"]
[Site "West Bromwich ENG"]
[Date "2003.10.19"]
[Round "2.5"]
[White "Hinks-Edwards, Thomas"]
[Black "Clarke, Stuart W"]
[Result "1-0"]
[WhiteElo "2357"]
[BlackElo "2310"]
[PlyCount "55"]
[EventDate "2003.10.19"]

1. e4 e6 2. d4 d5 3. Nc3 Bb4 4. e5 c5 5. a3 Ba5 6. b4 cxd4 7. Nb5 Bc7 8. f4 Ne7
9. Nf3 Bd7 10. Nxc7+ Qxc7 11. Bd3 a6 12. O-O Nbc6 13. Qe1 Nf5 14. Bxf5 exf5 15.
Bb2 Qb6 16. Qf2 O-O 17. Bxd4 Nxd4 18. Nxd4 Rac8 19. Qe3 Be6 20. c3 Rc4 21. g4
g6 22. gxf5 gxf5 23. Kh1 Kh8 24. Rg1 Rcc8 25. Qg3 Rg8 26. Qh4 Qd8 27. Rxg8+
Kxg8 28. Qh6 1-0

[Event "4NCL/Div1/RIC vs. 3CS1"]
[Site "West Bromwich ENG"]
[Date "2003.10.19"]
[Round "2.6"]
[White "Gordon, Stephen J"]
[Black "Webb, Laurence E"]
[Result "1-0"]
[WhiteElo "2263"]
[BlackElo "2328"]
[PlyCount "119"]
[EventDate "2003.10.19"]

1. d4 Nf6 2. c4 e6 3. Nc3 Bb4 4. e3 c5 5. Bd3 Nc6 6. Nf3 O-O 7. O-O Bxc3 8.
bxc3 d6 9. e4 e5 10. Bg5 h6 11. Bh4 Re8 12. d5 Nb8 13. Ne1 g5 14. Bg3 Nbd7 15.
h4 Nf8 16. hxg5 hxg5 17. Nf3 Bg4 18. Qd2 N6h7 19. Nh2 Bd7 20. Be2 Ng6 21. Bg4
Nf4 22. f3 Nf6 23. Bxd7 Qxd7 24. Bxf4 exf4 25. g3 Nh5 26. Ng4 Kg7 27. gxf4 Nxf4
28. Rae1 f6 29. Kf2 Rh8 30. Rh1 Rxh1 31. Rxh1 Qa4 32. Ne3 Rh8 33. Nf5+ Kg8 34.
Rxh8+ Kxh8 35. Kg3 Qe8 36. Qh2+ Kg8 37. Qh6 Qf8 38. Qxf8+ Kxf8 39. Nxd6 b6 40.
Kg4 Ne2 41. Kf5 Ke7 42. Nc8+ Kf7 43. Nxa7 Nxc3 44. Nc8 Nxa2 45. Nxb6 Nc3 46.
Nd7 Nd1 47. Nxf6 Ne3+ 48. Kxg5 Nxc4 49. Nd7 Nd2 50. Nxc5 Nxf3+ 51. Kf5 Ke7 52.
e5 Nd4+ 53. Ke4 Nb5 54. Kd3 Na7 55. Kc4 Kd8 56. d6 Nc6 57. Kd5 Nb4+ 58. Ke6 Nc6
59. Kf6 Ke8 60. e6 1-0

[Event "4NCL/Div1/RIC vs. 3CS1"]
[Site "West Bromwich ENG"]
[Date "2003.10.19"]
[Round "2.7"]
[White "Franklin, Michael J"]
[Black "Bentley, John L"]
[Result "0-1"]
[WhiteElo "2224"]
[BlackElo "2211"]
[PlyCount "104"]
[EventDate "2003.10.19"]

1. d4 g6 2. c3 Bg7 3. Nd2 d6 4. e4 e5 5. dxe5 dxe5 6. Bc4 Ne7 7. Ngf3 Nec6 8.
b4 Qe7 9. a4 Be6 10. Ba3 Nd8 11. b5 Qf6 12. O-O Bf8 13. Qb3 Nd7 14. Rfd1 Bxa3
15. Qxa3 Qe7 16. Bd5 Qxa3 17. Rxa3 f6 18. Nb3 Ke7 19. Ne1 a5 20. c4 c6 21. Bxe6
Nxe6 22. Nc2 Ndc5 23. f3 Rhd8 24. Rxd8 Rxd8 25. Nxc5 Nxc5 26. Kf1 Rd2 27. Ne3
Rb2 28. Ke1 Ke6 29. Ra1 Nb3 30. Ra3 Nd4 31. h4 Kd6 32. Kf1 Ke6 33. bxc6 bxc6
34. c5 Rb3 35. Rxb3 Nxb3 36. Nc4 Nxc5 37. Nxa5 Kd7 38. Nc4 Nxa4 39. g4 Nc5 40.
Ke2 Ke6 41. Ke3 Nb7 42. f4 exf4+ 43. Kxf4 Nc5 44. Na5 Nd3+ 45. Ke3 Ne5 46. g5
fxg5 47. hxg5 Kd7 48. Nb7 Nf7 49. Kf4 Nd8 50. Nc5+ Kd6 51. Nd3 Ne6+ 52. Kg4 c5
0-1

[Event "4NCL/Div1/RIC vs. 3CS1"]
[Site "West Bromwich ENG"]
[Date "2003.10.19"]
[Round "2.8"]
[White "Kosteniuk, Oxana"]
[Black "Wilson, Alexandra"]
[Result "0-1"]
[WhiteElo "2035"]
[BlackElo "2025"]
[PlyCount "90"]
[EventDate "2003.10.19"]

1. e4 c5 2. Nf3 Nc6 3. d4 cxd4 4. Nxd4 Nf6 5. Nc3 e5 6. Ndb5 d6 7. Bg5 a6 8.
Na3 b5 9. Nd5 Be7 10. Bxf6 Bxf6 11. c3 O-O 12. Nc2 Rb8 13. g3 Be7 14. Nce3 Be6
15. Bg2 Qd7 16. O-O b4 17. Qa4 Rfc8 18. Qxa6 Qb7 19. Qd3 bxc3 20. bxc3 Bf8 21.
a4 Na5 22. Rfb1 Qa7 23. Rb4 Nb3 24. Rb1 Nc5 25. Qc2 Na6 26. Rxb8 Rxb8 27. Rxb8
Qxb8 28. Bf1 Nc5 29. Bb5 Qa7 30. Kg2 Be7 31. c4 Bg5 32. Nd1 Qb7 33. N1c3 Qc8
34. h4 Bd8 35. Qd1 Bh3+ 36. Kh2 Bg4 37. f3 Be6 38. Ne3 Be7 39. Na2 Qd8 40. Nb4
Bd7 41. Nd3 Ne6 42. Bxd7 Qxd7 43. Nxe5 Qa7 44. N5g4 h5 45. c5 hxg4 0-1

[Event "4NCL/Div1/BAR2 vs. BAR1"]
[Site "West Bromwich ENG"]
[Date "2003.10.19"]
[Round "2.1"]
[White "Woodward, Timothy D M"]
[Black "Parker, Jonathan"]
[Result "1/2-1/2"]
[WhiteElo "2336"]
[BlackElo "2541"]
[PlyCount "47"]
[EventDate "2003.10.19"]

1. d4 d5 2. c4 e6 3. Nc3 Be7 4. Nf3 Nf6 5. Qc2 O-O 6. cxd5 Nxd5 7. e3 Nd7 8.
Bc4 Nb4 9. Qe2 Nb6 10. Bb3 c5 11. a3 cxd4 12. exd4 N4d5 13. O-O Bd7 14. Ne5 Rc8
15. Bd2 Bc6 16. Rfe1 Bg5 17. Bc2 Bxd2 18. Qxd2 Nxc3 19. bxc3 Bd5 20. Re3 Nc4
21. Rh3 Nxd2 22. Bxh7+ Kh8 23. Bg6+ Kg8 24. Bh7+ 1/2-1/2

[Event "4NCL/Div1/BAR2 vs. BAR1"]
[Site "West Bromwich ENG"]
[Date "2003.10.19"]
[Round "2.2"]
[White "Collinson, Adam"]
[Black "Trent, Lawrence"]
[Result "1/2-1/2"]
[WhiteElo "2391"]
[BlackElo "2326"]
[PlyCount "89"]
[EventDate "2003.10.19"]

1. e4 e5 2. Nf3 Nc6 3. Nc3 Nf6 4. Bb5 Nd4 5. Ba4 c6 6. Nxe5 d6 7. Nf3 Bg4 8. d3
d5 9. Be3 Nxf3+ 10. gxf3 Bh5 11. Bd4 dxe4 12. dxe4 Bxf3 13. Qxf3 Qxd4 14. Rd1
Qe5 15. Qg3 Qxg3 16. hxg3 Bb4 17. Rd3 O-O 18. f3 Rad8 19. Ke2 Bxc3 20. Rxc3 Rd4
21. Bb3 Rfd8 22. Rd3 g6 23. Rxd4 Rxd4 24. c3 Rd8 25. Rd1 Rxd1 26. Bxd1 Kf8 27.
Ke3 Nh5 28. g4 Ng7 29. g5 Ke7 30. e5 Nf5+ 31. Ke4 Ke6 32. Bb3+ Ke7 33. f4 Ng3+
34. Kf3 Nf5 35. Bc2 Ke6 36. b4 h5 37. gxh6 Nxh6 38. Bb3+ Ke7 39. Ke4 Nf5 40. a4
Ng7 41. a5 Ne6 42. f5 gxf5+ 43. Kxf5 Nc7 44. Ke4 Nb5 45. Kd3 1/2-1/2

[Event "4NCL/Div1/BAR2 vs. BAR1"]
[Site "West Bromwich ENG"]
[Date "2003.10.19"]
[Round "2.4"]
[White "Rogers, Jonathan W"]
[Black "Cox, John J"]
[Result "1/2-1/2"]
[WhiteElo "2338"]
[BlackElo "2308"]
[PlyCount "138"]
[EventDate "2003.10.19"]

1. d4 Nf6 2. Nf3 c5 3. e3 d5 4. dxc5 Qa5+ 5. Nbd2 Bg4 6. b4 Qxb4 7. Rb1 Qxc5 8.
Rxb7 Qc8 9. Rb1 e6 10. h3 Bxf3 11. Nxf3 Be7 12. Bb5+ Nbd7 13. O-O O-O 14. Bb2
Rb8 15. Nd4 Qc5 16. c4 Rb7 17. cxd5 Nxd5 18. Bc6 Rc7 19. Rc1 Qb6 20. Bxd5 exd5
21. Rxc7 Qxc7 22. Nf5 Bf6 23. Ba3 Rd8 24. Qxd5 Nb6 25. Qb3 Qc4 26. Ne7+ Kh8 27.
Rd1 Bxe7 28. Bxe7 Rxd1+ 29. Qxd1 Nd5 30. Bh4 Qxa2 31. e4 Nf6 32. Qd8+ Ng8 33.
Qa8 a5 34. Bg3 a4 35. Be5 Qb1+ 36. Kh2 Qc2 37. Bd4 Qc7+ 38. g3 Qc2 39. Qd5 Qb3
40. Qe5 f6 41. Qc5 a3 42. e5 fxe5 43. Qxe5 Qf7 44. Qa5 a2 45. Qa8 h6 46. Kg2
Kh7 47. Kh2 Kh8 48. Qa4 Qd5 49. Qa7 Nf6 50. Ba1 Kg8 51. Qb8+ Kh7 52. Qb2 Qc4
53. Kg1 Kg8 54. Kh2 Qf7 55. Qc2 Nd7 56. Qc8+ Nf8 57. Qc2 Nd7 58. Qc8+ Nf8 59.
Qc2 Qd5 60. Qb2 Ne6 61. Qb8+ Kf7 62. Qb2 Ke8 63. Qb8+ Kf7 64. Qb2 Ke8 65. Qb8+
Kd7 66. Qa7+ Kd6 67. Qa6+ Ke7 68. Qa7+ Kf8 69. Qb8+ Kf7 1/2-1/2

[Event "4NCL/Div1/BAR2 vs. BAR1"]
[Site "West Bromwich ENG"]
[Date "2003.10.19"]
[Round "2.5"]
[White "Taylor, Peter"]
[Black "Knott, Simon"]
[Result "0-1"]
[WhiteElo "2290"]
[BlackElo "2370"]
[PlyCount "80"]
[EventDate "2003.10.19"]

1. c4 Nf6 2. g3 g6 3. Bg2 d5 4. cxd5 Nxd5 5. Nc3 Nxc3 6. bxc3 Bg7 7. Rb1 Nc6 8.
h4 Qd7 9. Qa4 Nd8 10. Qc2 Nc6 11. h5 b6 12. Nf3 Bb7 13. d3 O-O-O 14. Be3 Kb8
15. Kf1 h6 16. hxg6 fxg6 17. Nd2 Rdf8 18. Kg1 Nd8 19. Bxb7 Nxb7 20. Ne4 h5 21.
Bg5 Bf6 22. Qd2 Nd6 23. Nxd6 exd6 24. Bxf6 Rxf6 25. f3 Qg7 26. a4 g5 27. a5 g4
28. f4 h4 29. gxh4 Rfh6 30. axb6 cxb6 31. Qe3 Qxc3 32. Kg2 Qc7 33. Kg3 Qd8 34.
Qe4 Rxh4 35. f5 Qf6 36. e3 Rxh1 37. Rxh1 Rxh1 38. Qe8+ Kc7 39. Qa8 Qh4+ 40. Kf4
Rf1+ 0-1

[Event "4NCL/Div1/BAR2 vs. BAR1"]
[Site "West Bromwich ENG"]
[Date "2003.10.19"]
[Round "2.6"]
[White "Dishman, Stephen"]
[Black "Pritchett, Craig W"]
[Result "1/2-1/2"]
[WhiteElo "2323"]
[BlackElo "2296"]
[PlyCount "47"]
[EventDate "2003.10.19"]

1. d4 Nf6 2. Bg5 e6 3. e4 h6 4. Bxf6 Qxf6 5. Nc3 d6 6. Qd2 g5 7. g3 Bg7 8. Nb5
Qe7 9. c3 a6 10. Na3 b5 11. Nc2 Bb7 12. Bg2 f5 13. Qd3 Nd7 14. Ne3 c5 15. Ne2
O-O 16. exf5 Bxg2 17. Nxg2 exf5 18. O-O Rae8 19. Rfe1 c4 20. Qf3 Qe4 21. Qxe4
Rxe4 22. f3 Ree8 23. a4 b4 24. Kf2 1/2-1/2

[Event "4NCL/Div1/BAR2 vs. BAR1"]
[Site "West Bromwich ENG"]
[Date "2003.10.19"]
[Round "2.7"]
[White "Coleman, David"]
[Black "D'Costa, Lorin A R"]
[Result "1-0"]
[WhiteElo "2240"]
[BlackElo "2351"]
[PlyCount "61"]
[EventDate "2003.10.19"]

1. e4 c5 2. Nf3 Nc6 3. Nc3 d6 4. d4 cxd4 5. Nxd4 Nf6 6. Bc4 e6 7. Be3 Be7 8.
Qe2 Qc7 9. O-O-O O-O 10. Bb3 a6 11. Rhg1 Nd7 12. g4 Nc5 13. Nf5 b5 14. Bd5 Bb7
15. g5 Rfc8 16. Nxg7 Kxg7 17. Qh5 Rg8 18. f4 b4 19. Bxc6 Bxc6 20. Nd5 Bxd5 21.
exd5 Rac8 22. Rg2 Kf8 23. Qxh7 exd5 24. f5 Ne4 25. g6 Bf6 26. Bh6+ Bg7 27. gxf7
Qxf7 28. Rxg7 Rxg7 29. Rg1 Rc7 30. Rxg7 Qxg7 31. Qh8+ 1-0

[Event "4NCL/Div1/MMNWE1 vs. WWKS"]
[Site "West Bromwich ENG"]
[Date "2003.10.19"]
[Round "2.1"]
[White "Crouch, Colin S"]
[Black "Hynes, Anthony"]
[Result "1-0"]
[WhiteElo "2377"]
[BlackElo "2289"]
[PlyCount "73"]
[EventDate "2003.10.19"]

1. d4 d5 2. Nf3 Nf6 3. c4 e6 4. Nc3 c5 5. cxd5 exd5 6. g3 Nc6 7. Bg2 Be7 8. O-O
O-O 9. Bg5 cxd4 10. Nxd4 h6 11. Bf4 Bg4 12. h3 Bh5 13. Nf5 Bg6 14. Nxe7+ Qxe7
15. e4 d4 16. Nd5 Nxd5 17. exd5 Nb4 18. Qa4 Nc2 19. Rad1 Rfd8 20. d6 Qd7 21.
Qxd7 Rxd7 22. Bd5 Rc8 23. Bb3 b5 24. a4 a6 25. axb5 axb5 26. Bxc2 Rxc2 27. Rxd4
Rxb2 28. g4 b4 29. Ra1 b3 30. Ra8+ Kh7 31. Rb8 Bc2 32. Rc4 Rb1+ 33. Kh2 Ra1 34.
h4 Kg6 35. Be5 Raa7 36. h5+ Kg5 37. Kg3 1-0